Enterprise First, the Relationship of the State to Industry, with Particular Reference to Private Enterprise
Gespeichert in:
| Format: | Buch |
|---|---|
| Sprache: | Englisch |
| Veröffentlicht: |
London
Green and Co
1946
|
| Tags: |
Keine Tags, Fügen Sie das erste Tag hinzu!
|
MARC
| LEADER | 00000nam a2200000 4500 | ||
|---|---|---|---|
| 001 | 0267751 | ||
| 005 | 20240822101710.2 | ||
| 041 | 0 | |a eng | |
| 044 | |a GB | ||
| 245 | 1 | 0 | |a Enterprise First, the Relationship of the State to Industry, with Particular Reference to Private Enterprise |c William Wallace |
| 264 | 1 | |a London |b Green and Co |c 1946 | |